<?xml version="1.0" encoding="UTF-8"?>
<marc:record xmlns:marc="http://www.loc.gov/MARC21/slim">
   <marc:leader>00000nam a2200000 a 4500</marc:leader>
   <marc:datafield ind1="1" ind2=" " tag="100">
      <marc:subfield code="a">Kienle, Dela</marc:subfield>
      <marc:subfield code="4">aut</marc:subfield>
      <marc:subfield code="e">Verfasser/-in</marc:subfield>
   </marc:datafield>
   <marc:datafield ind1=" " ind2=" " tag="653">
      <marc:subfield code="a">Pferd</marc:subfield>
   </marc:datafield>
   <marc:datafield ind1=" " ind2=" " tag="653">
      <marc:subfield code="a">Kindersachbuch</marc:subfield>
   </marc:datafield>
   <marc:datafield ind1=" " ind2=" " tag="653">
      <marc:subfield code="a">Reiten</marc:subfield>
   </marc:datafield>
   <marc:datafield ind1=" " ind2=" " tag="653">
      <marc:subfield code="a">Pony</marc:subfield>
   </marc:datafield>
   <marc:datafield ind1=" " ind2=" " tag="653">
      <marc:subfield code="a">Antolin Klasse-5</marc:subfield>
   </marc:datafield>
   <marc:datafield ind1="0" ind2="0" tag="245">
      <marc:subfield code="a">Pferde - Freunde, Freiheit, Abenteuer</marc:subfield>
   </marc:datafield>
   <marc:datafield ind1=" " ind2="1" tag="264">
      <marc:subfield code="b">Tessloff</marc:subfield>
      <marc:subfield code="c">2024</marc:subfield>
   </marc:datafield>
   <marc:datafield ind1="1" ind2=" " tag="490">
      <marc:subfield code="a">Was ist was</marc:subfield>
   </marc:datafield>
   <marc:datafield ind1="1" ind2=" " tag="520">
      <marc:subfield code="a">Einst Nutztier, heute Lieblingstier. Mit dem Band erkunden Kinder Lebensräume der Pferde, entdecken eine wilde Konik-Herde, schauen in den glühenden Ofen einer Hufschmiedin und in den Reitstall, wo es nach Heu und Pferden duftet. Wie nehmen Pferde die Welt wahr, was finden sie lecker und wieso braucht jedes Pferd eine Herde? Der Körper der Pferde kann erstaunliches leisten: sie träumen im Schlaf, atmen etwa 6-mal so viel Luft wie wir Menschen, haben einen fantastischen Geruchssinn. Mit vielen erstaunlichen Fakten, beeindruckenden Fotos und spannenden Texte lernen die Kinder Pferde und ihre Lebensräume kennen. Ein tolles Sachbuch für alle Pferde-Fans ab 8 Jahren.</marc:subfield>
   </marc:datafield>
   <marc:datafield ind1=" " ind2=" " tag="020">
      <marc:subfield code="a">9783788677046</marc:subfield>
      <marc:subfield code="9">9783788677046</marc:subfield>
   </marc:datafield>
</marc:record>
